[Event "DEM U14w 2014"]
[Site "Magdeburg GER"]
[Date "2014.06.10"]
[Round "5"]
[White "Wallat, Jessica"]
[Black "Kummer, Birte"]
[Result "1-0"]
[Termination "normal"]
[Board "12"]
[WhiteElo "1578"]
[BlackElo "1297"]
[PlyCount "43"]
[WhiteFideId "12909637"]
[BlackFideId "12952214"]
[EventCountry "GER"]
[EventRounds "9"]
[EventType "swiss"]
[EventDate "2014.06.07"]

1. d4 d5 2. Nf3 Bf5 3. e3 Nf6 4. Bd3 Bxd3 5. Qxd3 Nc6 6. c3 e6 7. Nbd2 Bd6 8.
O-O O-O 9. e4 dxe4 10. Nxe4 Be7 11. Nfg5 Nxe4 12. Nxe4 Bf6 13. Qg3 Bh4 14. Qf3
Ne7 15. g3 Bf6 16. Nxf6+ gxf6 17. Qxf6 Ng6 18. Qf3 c6 19. Bh6 Re8 20. h4 Kh8
21. h5 Ne7 22. Qf6+ 1-0

[Event "DEM U14w 2014"]
[Site "Magdeburg GER"]
[Date "2014.06.10"]
[Round "5"]
[White "Caliebe, Nanke"]
[Black "Böse, Carolin"]
[Result "0-1"]
[Termination "normal"]
[Board "13"]
[WhiteElo "1272"]
[BlackElo "1518"]
[PlyCount "46"]
[WhiteFideId "12980528"]
[BlackFideId "12929646"]
[EventCountry "GER"]
[EventRounds "9"]
[EventType "swiss"]
[EventDate "2014.06.07"]

1. d4 d5 2. c4 e6 3. Nc3 c5 4. cxd5 exd5 5. Nf3 Nc6 6. e3 c4 7. Be2 Nf6 8. O-O
Bd6 9. b3 cxb3 10. Qxb3 Na5 11. Qc2 O-O 12. Bd2 Be6 13. Rfc1 Rc8 14. Bd3 a6 15.
a3 Nc4 16. Qa2 Nxa3 17. Qb3 Qe7 18. Ra2 Nc4 19. Rb1 Rc7 20. Ra4 Rfc8 21. Rc1
Rc6 22. Rc2 Qc7 23. Ra1 Nxd2 0-1

[Event "DEM U14w 2014"]
[Site "Magdeburg GER"]
[Date "2014.06.10"]
[Round "5"]
[White "Duan, Muxi"]
[Black "Peters, Theresa"]
[Result "0-1"]
[Termination "normal"]
[Board "14"]
[WhiteElo "1052"]
[BlackElo "1636"]
[PlyCount "26"]
[WhiteFideId "12971960"]
[BlackFideId "12952192"]
[EventCountry "GER"]
[EventRounds "9"]
[EventType "swiss"]
[EventDate "2014.06.07"]

1. e4 c5 2. Nc3 Nc6 3. f4 e6 4. Nf3 a6 5. a4 Be7 6. d4 cxd4 7. Nxd4 d6 8. Be2
Nf6 9. O-O Qc7 10. f5 d5 11. fxe6 Nxd4 12. exf7+ Kf8 13. Qxd4 Bc5 0-1

[Event "DEM U14w 2014"]
[Site "Magdeburg GER"]
[Date "2014.06.11"]
[Round "6"]
[White "Sieber, Fiona"]
[Black "Rogozenco, Teodora"]
[Result "1-0"]
[Termination "normal"]
[Board "1"]
[WhiteElo "1927"]
[BlackElo "1865"]
[WhiteClock "00:18:00"]
[BlackClock "00:04:50"]
[PlyCount "57"]
[WhiteFideId "12902373"]
[BlackFideId "12938084"]
[EventCountry "GER"]
[EventRounds "9"]
[EventType "swiss"]
[EventDate "2014.06.07"]

1. e4 c5 2. Nf3 d6 3. d4 cxd4 4. Nxd4 Nf6 5. Nc3 g6 6. f3 Bg7 7. Be3 Nc6 8. Qd2
O-O 9. Bc4 Bd7 10. O-O-O Rb8 11. Nxc6 bxc6 12. Bxa7 Rb4 13. Bb3 c5 14. e5 Rd4
15. Qe3 Ng4 16. fxg4 Bxe5 17. Bxc5 Bf4 18. Bxd4 Bxe3+ 19. Bxe3 Bxg4 20. Rde1
Kg7 21. Rhf1 Qa5 22. Bd2 Qa7 23. Nd5 e5 24. Bg5 Be6 25. Be7 Rc8 26. Bxd6 f6 27.
Rxf6 Qa5 28. Bb4 Qb5 29. Rxe6 1-0

[Event "DEM U14w 2014"]
[Site "Magdeburg GER"]
[Date "2014.06.11"]
[Round "6"]
[White "Halas, Julia"]
[Black "Simon, Tessa"]
[Result "1-0"]
[Termination "time forfeit"]
[Board "2"]
[WhiteElo "1589"]
[BlackElo "1656"]
[PlyCount "114"]
[WhiteFideId "12931810"]
[BlackFideId "12929395"]
[EventCountry "GER"]
[EventRounds "9"]
[EventType "swiss"]
[EventDate "2014.06.07"]

1. d4 d5 2. c4 c6 3. Nc3 Nf6 4. Nf3 a6 5. c5 Nbd7 6. Bf4 g6 7. e3 Bg7 8. Bd3
Nh5 9. Qc2 O-O 10. O-O Re8 11. Bg5 Nf8 12. Bh4 Qc7 13. Ne2 Bg4 14. Ng3 Bxf3 15.
gxf3 Nxg3 16. Bxg3 Qd7 17. f4 Qg4 18. Kg2 h5 19. h3 Qe6 20. h4 Qf6 21. Qb3 Ra7
22. Qb6 Rea8 23. a4 Nd7 24. Qb3 a5 25. Rh1 e6 26. Qc2 Qd8 27. Rac1 Rc8 28. Rb1
Rca8 29. Rhc1 Bf6 30. Kh3 Rc8 31. f3 b6 32. b4 axb4 33. Rxb4 bxc5 34. dxc5 Qa5
35. Be1 Qc7 36. Bc3 Bxc3 37. Qxc3 Ra5 38. Qd4 Qa7 39. Rg1 Qxc5 40. Qxc5 Nxc5
41. Bc2 Rca8 42. Rb6 R5a6 43. a5 Rxb6 44. axb6 Rb8 45. Rb1 Kf8 46. e4 Ke7 47.
f5 gxf5 48. exf5 exf5 49. Bxf5 Kf6 50. Bc2 Nd7 51. b7 Nc5 52. Rb6 Kg7 53. Rxc6
Ne6 54. Rb6 Kf8 55. Bb3 Ke7 56. Kg3 d4 57. f4 Nc5 1-0

[Event "DEM U14w 2014"]
[Site "Magdeburg GER"]
[Date "2014.06.11"]
[Round "6"]
[White "Sanati, Charlotte"]
[Black "Ley, Sabrina"]
[Result "1/2-1/2"]
[Termination "normal"]
[Board "3"]
[WhiteElo "1760"]
[BlackElo "1482"]
[WhiteClock "00:29:36"]
[BlackClock "00:28:32"]
[PlyCount "84"]
[WhiteFideId "12907707"]
[BlackFideId "12938130"]
[EventCountry "GER"]
[EventRounds "9"]
[EventType "swiss"]
[EventDate "2014.06.07"]

1. e4 c5 2. Nf3 d6 3. d4 Nf6 4. Nc3 cxd4 5. Nxd4 a6 6. Bc4 e6 7. Bb3 Nbd7 8. f3
Nc5 9. O-O Be7 10. Be3 b5 11. Nc6 Qc7 12. Nxe7 Qxe7 13. Qe1 O-O 14. Qf2 Nxb3
15. axb3 Bb7 16. e5 Nd7 17. exd6 Qxd6 18. Rad1 Qc7 19. Ne4 Bd5 20. Qd2 Rfd8 21.
Bd4 e5 22. Be3 Bxe4 23. fxe4 Nf6 24. Qe2 Rxd1 25. Rxd1 Qc6 26. Qd3 Nxe4 27.
Qd8+ Qe8 28. Qxe8+ Rxe8 29. Ra1 Re6 30. Kf1 Kf8 31. c4 Rc6 32. Ke2 Nd6 33. c5
Nf5 34. Bf2 Ke7 35. b4 Ke8 36. Kd3 Ne7 37. Ke4 f6 38. Rd1 Nc8 39. Kd5 Ne7+ 40.
Ke4 Nc8 41. Kd5 Ne7+ 42. Ke4 Nc8 1/2-1/2

[Event "DEM U14w 2014"]
[Site "Magdeburg GER"]
[Date "2014.06.11"]
[Round "6"]
[White "Denkert, Anna"]
[Black "Wächter, Nathalie"]
[Result "1/2-1/2"]
[Termination "normal"]
[Board "4"]
[WhiteElo "1655"]
[BlackElo "1762"]
[WhiteClock "00:34:30"]
[BlackClock "00:20:35"]
[PlyCount "104"]
[WhiteFideId "12938122"]
[BlackFideId "12921033"]
[EventCountry "GER"]
[EventRounds "9"]
[EventType "swiss"]
[EventDate "2014.06.07"]

1. e4 c6 2. d4 d5 3. e5 Bf5 4. Nc3 e6 5. g4 Bg6 6. Nge2 Nd7 7. Be3 Qb6 8. Rb1
Ne7 9. Nf4 Qc7 10. h4 h6 11. a3 Bh7 12. h5 Nc8 13. b4 a5 14. Bd3 axb4 15. axb4
Bxd3 16. Qxd3 Ncb6 17. O-O Nc4 18. Nce2 Be7 19. c3 Ndb6 20. Ra1 O-O 21. Nh3
Nxe3 22. Qxe3 Nc4 23. Qd3 Rxa1 24. Rxa1 Qd8 25. Kh1 b6 26. f4 c5 27. bxc5 bxc5
28. Rg1 f6 29. exf6 Rxf6 30. g5 hxg5 31. Nxg5 Rh6 32. Qh3 Qe8 33. Ng3 Bf6 34.
Qxe6+ Qxe6 35. Nxe6 cxd4 36. Nxd4 Bxd4 37. cxd4 Rf6 38. Ne2 Re6 39. Rg2 Ne3 40.
Rg5 Nd1 41. Re5 Kf7 42. Kg2 Kf6 43. Rxe6+ Kxe6 44. Kf3 Kf6 45. Ng3 Nc3 46. Ke3
Nb5 47. Kd3 Nd6 48. Ke2 Nb5 49. Ke3 Nd6 50. Kf2 Nc4 51. Ne2 Kf5 52. Kf3 Nd2+
1/2-1/2

[Event "DEM U14w 2014"]
[Site "Magdeburg GER"]
[Date "2014.06.11"]
[Round "6"]
[White "Walker, Julia"]
[Black "Moses, Selina"]
[Result "1-0"]
[Termination "normal"]
[Board "5"]
[WhiteElo "1673"]
[BlackElo "1786"]
[WhiteClock "00:25:40"]
[BlackClock "00:03:40"]
[PlyCount "115"]
[WhiteFideId "1271852"]
[BlackFideId "12908070"]
[EventCountry "GER"]
[EventRounds "9"]
[EventType "swiss"]
[EventDate "2014.06.07"]

1. e4 c5 2. c3 d5 3. exd5 Qxd5 4. d4 Nf6 5. Nf3 Bg4 6. Be2 e6 7. O-O Nc6 8. h3
Bh5 9. Be3 cxd4 10. Nxd4 Bxe2 11. Qxe2 a6 12. Rd1 Be7 13. c4 Nxd4 14. Bxd4 Qh5
15. Qxh5 Nxh5 16. Nc3 Bf6 17. Ne4 Bxd4 18. Rxd4 Ke7 19. Rad1 Nf6 20. Nxf6 Kxf6
21. Rd7 b5 22. c5 Rhc8 23. b4 Rc6 24. Rb7 g6 25. Rdd7 Rf8 26. Kf1 h5 27. h4 Ke5
28. Rxf7 Rxf7 29. Rxf7 Kd4 30. Rd7+ Kc4 31. a3 Kb3 32. Rd6 Rc8 33. Rxa6 e5 34.
Ke2 e4 35. Ke3 Rc7 36. Kxe4 Re7+ 37. Kf3 Rc7 38. g4 Rf7+ 39. Kg3 hxg4 40. c6
Rf3+ 41. Kxg4 Rxf2 42. c7 Rc2 43. Ra7 Rc4+ 44. Kg5 Kc3 45. Kxg6 Kd4 46. h5 Ke5
47. h6 Ke6 48. Kh7 Kf6 49. Kh8 Kg5 50. h7 Rc6 51. Kg8 Rg6+ 52. Kf8 Rf6+ 53. Ke8
Re6+ 54. Kd8 Rd6+ 55. Ke7 Rh6 56. c8=Q Rxh7+ 57. Kd6 Rxa7 58. Qc5+ 1-0

[Event "DEM U14w 2014"]
[Site "Magdeburg GER"]
[Date "2014.06.11"]
[Round "6"]
[White "Köhler, Inken"]
[Black "Ratay, Meike"]
[Result "1/2-1/2"]
[Termination "normal"]
[Board "7"]
[WhiteElo "1729"]
[BlackElo "1513"]
[PlyCount "82"]
[WhiteFideId "12929301"]
[BlackFideId "12977608"]
[EventCountry "GER"]
[EventRounds "9"]
[EventType "swiss"]
[EventDate "2014.06.07"]

1. e4 e5 2. Nf3 Nc6 3. d4 exd4 4. Nxd4 Bc5 5. Nb3 Bb6 6. a4 a6 7. Nc3 Nge7 8.
Bg5 d6 9. Nd5 Ba7 10. Qd2 Be6 11. Qc3 f6 12. Nxe7 Qxe7 13. Be3 Bxe3 14. Qxe3
Bxb3 15. cxb3 O-O 16. Bc4+ Kh8 17. O-O Ne5 18. Rac1 Rfe8 19. Rfe1 Nxc4 20. bxc4
Qd7 21. Qb3 Rab8 22. Rcd1 Qc6 23. Rd5 Re5 24. Rxe5 dxe5 25. Qc2 Rd8 26. Rd1
Rxd1+ 27. Qxd1 Qd6 28. Qxd6 cxd6 29. b4 Kg8 30. Kf1 Kf7 31. Ke2 Ke7 32. a5 Kd7
33. b5 Kc7 34. b6+ Kc6 35. Kd3 Kc5 36. Kc3 h6 37. f3 g5 38. g3 h5 39. Kb3 h4
40. gxh4 gxh4 41. Kc3 Kc6 1/2-1/2

[Event "DEM U14w 2014"]
[Site "Magdeburg GER"]
[Date "2014.06.11"]
[Round "6"]
[White "Lohrmann, Tabea"]
[Black "Kail, Sindy"]
[Result "0-1"]
[Termination "normal"]
[Board "8"]
[WhiteElo "1484"]
[BlackElo "1487"]
[PlyCount "114"]
[WhiteFideId "12911941"]
[BlackFideId "12988502"]
[EventCountry "GER"]
[EventRounds "9"]
[EventType "swiss"]
[EventDate "2014.06.07"]

1. e4 c5 2. Nf3 d6 3. d4 cxd4 4. Nxd4 Nf6 5. Nc3 a6 6. f3 e5 7. Nb3 Be6 8. Be3
Nbd7 9. Qd2 Be7 10. O-O-O h5 11. Be2 b5 12. Rdf1 Nb6 13. h3 Nc4 14. Qd3 Nxe3
15. Qxe3 h4 16. Kb1 Nh5 17. Rhg1 Ng3 18. Re1 Bg5 19. Qd3 Qb6 20. Qd1 O-O 21.
Bd3 Be3 22. Rgf1 Nxf1 23. Rxf1 Bf4 24. Ne2 Rab8 25. Nxf4 exf4 26. Qd2 g5 27.
Qc3 f6 28. Nd4 Rfe8 29. Nxe6 Rxe6 30. Qb3 Kf7 31. e5 Ke7 32. exd6+ Qxd6 33. Be4
Rd8 34. a3 Qc5 35. Kc1 f5 36. Bd3 Re3 37. Kb1 Kf6 38. Rd1 a5 39. Rc1 b4 40.
axb4 Qxb4 41. Qc4 Qxc4 42. Bxc4 Rd2 43. Bf1 g4 44. hxg4 fxg4 45. fxg4 Rg3 46.
c4 Rxg4 47. c5 Rg7 48. c6 Rc7 49. Ka2 Ke5 50. Rc5+ Rd5 51. Rc4 Rd2 52. Rc5+ Kd4
53. Rxa5 Rxc6 54. Rh5 Rcc2 55. Rxh4 Rxb2+ 56. Ka3 Ra2+ 57. Kb3 Rdb2# 0-1

[Event "DEM U14w 2014"]
[Site "Magdeburg GER"]
[Date "2014.06.11"]
[Round "6"]
[White "Riegel, Arinna"]
[Black "Cejda, Cecilia"]
[Result "1-0"]
[Termination "normal"]
[Board "9"]
[WhiteElo "1613"]
[BlackElo "1552"]
[PlyCount "97"]
[WhiteFideId "12931446"]
[BlackFideId "12921122"]
[EventCountry "GER"]
[EventRounds "9"]
[EventType "swiss"]
[EventDate "2014.06.07"]

1. e4 c5 2. Nf3 d6 3. Bb5+ Bd7 4. Bxd7+ Qxd7 5. Nc3 Nf6 6. O-O Nc6 7. Re1 e6 8.
d4 cxd4 9. Nxd4 Be7 10. Bg5 Nxd4 11. Qxd4 e5 12. Qd3 O-O 13. Rad1 Rfd8 14. Qg3
Nh5 15. Qh4 Bxg5 16. Qxg5 Nf6 17. Rd3 Qg4 18. Qxg4 Nxg4 19. Red1 Nf6 20. Rxd6
Rxd6 21. Rxd6 Rc8 22. f3 Kf8 23. Kf2 Ke7 24. Rd2 Rc6 25. Nb5 a6 26. Nc3 Rb6 27.
b3 Rc6 28. Nd5+ Nxd5 29. exd5 Rc5 30. c4 Kd6 31. g4 b5 32. Rc2 bxc4 33. bxc4
Rc7 34. a3 Kc5 35. Ke3 f6 36. Kd3 g6 37. Rb2 f5 38. Re2 Re7 39. h3 Kd6 40. Rb2
Kc5 41. Re2 fxg4 42. hxg4 h5 43. gxh5 gxh5 44. Re4 Kd6 45. f4 h4 46. fxe5+ Rxe5
47. Rxe5 Kxe5 48. Ke3 Kf5 49. Kf3 1-0

[Event "DEM U14w 2014"]
[Site "Magdeburg GER"]
[Date "2014.06.11"]
[Round "6"]
[White "Böse, Carolin"]
[Black "Reinecke, Katharina"]
[Result "1/2-1/2"]
[Termination "normal"]
[Board "10"]
[WhiteElo "1518"]
[BlackElo "1599"]
[PlyCount "44"]
[WhiteFideId "12929646"]
[BlackFideId "12929727"]
[EventCountry "GER"]
[EventRounds "9"]
[EventType "swiss"]
[EventDate "2014.06.07"]

1. e4 c6 2. d4 d5 3. exd5 cxd5 4. Bd3 Nc6 5. c3 Nf6 6. Bf4 g6 7. Nd2 Bg7 8.
Ngf3 O-O 9. O-O Bf5 10. Be2 a6 11. Nh4 Bd7 12. Nb3 Ne4 13. Be3 Rc8 14. Nc5 Nxc5
15. dxc5 e6 16. Nf3 Ne7 17. Bd4 Nf5 18. Bxg7 Kxg7 19. b4 Qe8 20. a4 Ra8 21. Re1
Qd8 22. Ne5 Qe7 1/2-1/2

[Event "DEM U14w 2014"]
[Site "Magdeburg GER"]
[Date "2014.06.11"]
[Round "6"]
[White "Christiansen, Anna"]
[Black "Wallat, Jessica"]
[Result "0-1"]
[Termination "normal"]
[Board "11"]
[WhiteElo "1330"]
[BlackElo "1578"]
[PlyCount "52"]
[WhiteFideId "12952230"]
[BlackFideId "12909637"]
[EventCountry "GER"]
[EventRounds "9"]
[EventType "swiss"]
[EventDate "2014.06.07"]

1. e4 e5 2. Nf3 Nf6 3. Nc3 Nc6 4. Bc4 Bc5 5. d3 d6 6. Be3 Bb6 7. Qd2 Be6 8. Nd5
Bxd5 9. Bxd5 Rb8 10. Bxc6+ bxc6 11. b3 h6 12. O-O Qe7 13. Rae1 O-O 14. Bxb6
cxb6 15. Nh4 d5 16. Nf5 Qe6 17. Re3 Rbd8 18. Rg3 Nh5 19. Rh3 Nf4 20. Rg3 Ng6
21. Qc1 Qf6 22. Re1 dxe4 23. Rxe4 Qxf5 24. h4 Nf4 25. Rf3 Qxe4 26. dxe4 Ne2+
0-1

[Event "DEM U14w 2014"]
[Site "Magdeburg GER"]
[Date "2014.06.11"]
[Round "6"]
[White "Sewald, Kathrin"]
[Black "Peters, Theresa"]
[Result "1/2-1/2"]
[Termination "normal"]
[Board "12"]
[WhiteElo "1540"]
[BlackElo "1636"]
[PlyCount "44"]
[WhiteFideId "12964557"]
[BlackFideId "12952192"]
[EventCountry "GER"]
[EventRounds "9"]
[EventType "swiss"]
[EventDate "2014.06.07"]

1. d4 Nf6 2. e3 g6 3. Bd3 Bg7 4. f4 c5 5. c3 d6 6. Nf3 a6 7. O-O b5 8. e4 Bb7
9. Qe2 Nbd7 10. Bd2 O-O 11. Be1 Rc8 12. Nbd2 Qb6 13. Bf2 Ng4 14. Rac1 Nxf2 15.
Qxf2 Nf6 16. h3 e6 17. g4 Nd7 18. Kh2 e5 19. fxe5 dxe5 20. a4 c4 21. Bc2 Qd6
22. Qg3 b4 1/2-1/2

[Event "DEM U14w 2014"]
[Site "Magdeburg GER"]
[Date "2014.06.11"]
[Round "6"]
[White "Kummer, Birte"]
[Black "Müller, Sophie"]
[Result "1/2-1/2"]
[Termination "normal"]
[Board "13"]
[WhiteElo "1297"]
[BlackElo "1460"]
[PlyCount "42"]
[WhiteFideId "12952214"]
[BlackFideId "12926698"]
[EventCountry "GER"]
[EventRounds "9"]
[EventType "swiss"]
[EventDate "2014.06.07"]

1. e4 c5 2. Nf3 d6 3. Bb5+ Bd7 4. a4 a6 5. Bxd7+ Qxd7 6. O-O Nc6 7. Re1 Nf6 8.
d3 g6 9. Nbd2 Bg7 10. Nc4 Qc7 11. e5 dxe5 12. Nfxe5 Nxe5 13. Nxe5 Nd7 14. Nc4
e6 15. a5 O-O 16. Qf3 Rac8 17. Rb1 Qc6 18. Qxc6 Rxc6 19. Bd2 Rd8 20. b4 Bf8 21.
b5 Rcc8 1/2-1/2

[Event "DEM U14w 2014"]
[Site "Magdeburg GER"]
[Date "2014.06.11"]
[Round "6"]
[White "Caliebe, Nanke"]
[Black "Duan, Muxi"]
[Result "0-1"]
[Termination "normal"]
[Board "14"]
[WhiteElo "1272"]
[BlackElo "1052"]
[PlyCount "44"]
[WhiteFideId "12980528"]
[BlackFideId "12971960"]
[EventCountry "GER"]
[EventRounds "9"]
[EventType "swiss"]
[EventDate "2014.06.07"]

1. d4 d5 2. c4 c6 3. Nc3 Nf6 4. Nf3 dxc4 5. e4 b5 6. a3 e6 7. Bg5 Be7 8. Be2
O-O 9. Qd2 Na6 10. O-O Nc7 11. Rfd1 Bb7 12. Qe3 a5 13. Bxf6 Bxf6 14. Na2 g6 15.
h3 Bg7 16. b3 cxb3 17. Qxb3 Qe7 18. Rab1 Rfd8 19. Rd3 Ba6 20. Rc3 b4 21. Bxa6
bxc3 22. Qxc3 Rxa6 0-1

[Event "DEM U14w 2014"]
[Site "Magdeburg GER"]
[Date "2014.06.12"]
[Round "7"]
[White "Rogozenco, Teodora"]
[Black "Ley, Sabrina"]
[Result "1-0"]
[Termination "normal"]
[Board "2"]
[WhiteElo "1865"]
[BlackElo "1482"]
[WhiteClock "00:02:18"]
[BlackClock "00:01:52"]
[PlyCount "129"]
[WhiteFideId "12938084"]
[BlackFideId "12938130"]
[EventCountry "GER"]
[EventRounds "9"]
[EventType "swiss"]
[EventDate "2014.06.07"]

1. d4 Nf6 2. c4 g6 3. Nc3 Bg7 4. e4 d6 5. f4 O-O 6. Nf3 c5 7. d5 Na6 8. Be2 Nc7
9. O-O a6 10. Re1 Rb8 11. a4 Bd7 12. a5 b5 13. axb6 Rxb6 14. e5 Nfe8 15. Qc2
Qb8 16. h3 e6 17. Bd3 Qa8 18. Be4 f5 19. Bd3 Rb4 20. b3 Qb8 21. Rb1 a5 22. Ba3
Rb7 23. exd6 Nxd6 24. Bxc5 Na6 25. Bd4 Nb4 26. Qd2 Re8 27. Be5 Bxe5 28. fxe5
Nf7 29. d6 Rc8 30. Kh1 Nxd3 31. Qxd3 Rxb3 32. Rxb3 Qxb3 33. Rb1 Qxc4 34. Qxc4
Rxc4 35. Ne2 Rb4 36. Rc1 Kf8 37. Rc7 Ke8 38. Ned4 a4 39. Ra7 Rc4 40. Kh2 Rc5
41. Ra8+ Rc8 42. Ra5 Rc4 43. Kg1 Kd8 44. Kf2 Kc8 45. Ra8+ Kb7 46. Rf8 Nh6 47.
Rd8 Bc6 48. Rh8 a3 49. Rxh7+ Kb6 50. d7 Bxd7 51. Rxd7 a2 52. Rd6+ Ka5 53. Rd8
Ra4 54. Ra8+ Kb4 55. Nc2+ Kb3 56. Nfd4+ Rxd4 57. Nxd4+ Kb2 58. Rb8+ Kc3 59.
Ne2+ Kc2 60. Nd4+ Kc3 61. Nb3 Kb2 62. Ke3 Nf7 63. Kd4 a1=Q 64. Nxa1+ Kxa1 65.
Rb6 1-0

[Event "DEM U14w 2014"]
[Site "Magdeburg GER"]
[Date "2014.06.12"]
[Round "7"]
[White "Simon, Tessa"]
[Black "Walker, Julia"]
[Result "1/2-1/2"]
[Termination "normal"]
[Board "3"]
[WhiteElo "1656"]
[BlackElo "1673"]
[WhiteClock "00:01:57"]
[BlackClock "00:06:00"]
[PlyCount "68"]
[WhiteFideId "12929395"]
[BlackFideId "1271852"]
[EventCountry "GER"]
[EventRounds "9"]
[EventType "swiss"]
[EventDate "2014.06.07"]

1. e4 e5 2. Nf3 Nc6 3. Bb5 a6 4. Ba4 Nf6 5. d3 b5 6. Bb3 Bc5 7. c3 O-O 8. Bg5
h6 9. Bh4 Re8 10. O-O d6 11. a4 Be6 12. axb5 axb5 13. Rxa8 Qxa8 14. Bxf6 gxf6
15. Bxe6 fxe6 16. Nh4 Ne7 17. Qh5 Kg7 18. Rd1 Rf8 19. d4 Bb6 20. d5 exd5 21.
exd5 Qa4 22. Rf1 f5 23. h3 Qc2 24. b4 Qe4 25. Rd1 Rf6 26. Qe8 Nxd5 27. Nf3 Nf4
28. Nbd2 Qe2 29. Rf1 e4 30. Nh4 Rf8 31. Qe7+ Rf7 32. Nxf5+ Kg6 33. Nh4+ Kg7 34.
Nf5+ Kg6 1/2-1/2

[Event "DEM U14w 2014"]
[Site "Magdeburg GER"]
[Date "2014.06.12"]
[Round "7"]
[White "Wächter, Nathalie"]
[Black "Poetsch, Leonore"]
[Result "1/2-1/2"]
[Termination "normal"]
[Board "4"]
[WhiteElo "1762"]
[BlackElo "1529"]
[WhiteClock "00:16:59"]
[BlackClock "01:04:41"]
[PlyCount "93"]
[WhiteFideId "12921033"]
[BlackFideId "12940372"]
[EventCountry "GER"]
[EventRounds "9"]
[EventType "swiss"]
[EventDate "2014.06.07"]

1. d4 c5 2. d5 Nf6 3. c4 d6 4. Nc3 e6 5. Nf3 exd5 6. cxd5 Bf5 7. g3 Nbd7 8. Bg2
Be7 9. O-O O-O 10. Re1 Ne4 11. Nd2 Nxc3 12. bxc3 Bf6 13. Bb2 b5 14. e4 Bg6 15.
Rb1 Qa5 16. c4 Bxb2 17. Rxb2 b4 18. f4 f6 19. Bh3 Nb6 20. Be6+ Bf7 21. Qg4 Qa3
22. Rc2 Qd3 23. Bxf7+ Rxf7 24. Qd1 Na4 25. Nb1 Qxd1 26. Rxd1 Re7 27. Re1 Rae8
28. Rce2 a5 29. Kf2 Nb6 30. Nd2 a4 31. Kf3 Kf7 32. h3 Rb8 33. e5 fxe5 34. fxe5
dxe5 35. Rxe5 Rxe5 36. Rxe5 Nd7 37. Re6 b3 38. axb3 axb3 39. Re1 Rb4 40. Ke4
Nb6 41. Kd3 b2 42. Rb1 Ke7 43. Re1+ Kd7 44. Rb1 h6 45. Kc3 Na4+ 46. Kc2 g6 47.
Re1 1/2-1/2

[Event "DEM U14w 2014"]
[Site "Magdeburg GER"]
[Date "2014.06.12"]
[Round "7"]
[White "Kail, Sindy"]
[Black "Denkert, Anna"]
[Result "0-1"]
[Termination "normal"]
[Board "5"]
[WhiteElo "1487"]
[BlackElo "1655"]
[WhiteClock "00:28:52"]
[BlackClock "01:00:08"]
[PlyCount "130"]
[WhiteFideId "12988502"]
[BlackFideId "12938122"]
[EventCountry "GER"]
[EventRounds "9"]
[EventType "swiss"]
[EventDate "2014.06.07"]

1. e4 c6 2. d4 d5 3. Nc3 dxe4 4. Nxe4 Bf5 5. Ng3 Bg6 6. Nf3 Nd7 7. Bd3 Bxd3 8.
Qxd3 Ngf6 9. O-O e6 10. Bf4 Be7 11. c4 O-O 12. Rfd1 Nb6 13. a3 c5 14. Rac1 Rc8
15. h3 cxd4 16. Qxd4 Bc5 17. Qxd8 Rfxd8 18. Rxd8+ Rxd8 19. b4 Bd6 20. Bxd6 Rxd6
21. c5 Rc6 22. Nd4 Rc8 23. Nb5 a6 24. Nd6 Rc7 25. Nxb7 Rxb7 26. cxb6 g6 27. Rc6
Nd5 28. Ne4 Rxb6 29. Rxb6 Nxb6 30. Nc5 Nc4 31. a4 a5 32. b5 Kf8 33. Kf1 Ke7 34.
Ke2 Nb6 35. Nb3 Nxa4 36. Kd3 Kd6 37. Nxa5 Kc5 38. Nb7+ Kxb5 39. Nd8 Nc5+ 40.
Kd4 f6 41. Nf7 Nd7 42. Nd8 Nf8 43. g4 g5 44. Ke4 Kb6 45. f4 Kc7 46. Nf7 gxf4
47. Kxf4 Ng6+ 48. Ke4 Kd7 49. Nh6 Ke7 50. g5 fxg5 51. Ng4 h5 52. Nf2 Kd6 53.
Nd3 Nf4 54. Nf2 Ng6 55. Nd3 Ke7 56. Ne1 Kf6 57. Nf3 e5 58. Nd2 Nf4 59. Nf3 Nxh3
60. Nxe5 g4 61. Nd3 h4 62. Ne1 Kg5 63. Ng2 Ng1 64. Ke3 h3 65. Kf2 h2 0-1

[Event "DEM U14w 2014"]
[Site "Magdeburg GER"]
[Date "2014.06.12"]
[Round "7"]
[White "Wallat, Jessica"]
[Black "Sanati, Charlotte"]
[Result "0-1"]
[Termination "normal"]
[Board "6"]
[WhiteElo "1578"]
[BlackElo "1760"]
[WhiteClock "00:01:58"]
[BlackClock "00:01:59"]
[PlyCount "86"]
[WhiteFideId "12909637"]
[BlackFideId "12907707"]
[EventCountry "GER"]
[EventRounds "9"]
[EventType "swiss"]
[EventDate "2014.06.07"]

1. d4 d5 2. Nf3 Nf6 3. e3 Bf5 4. c4 c6 5. Nc3 e6 6. Be2 Nbd7 7. Nh4 Bg6 8. g3
Be7 9. Bd2 Ne4 10. Nxg6 Nxc3 11. Bxc3 hxg6 12. Qc2 Rb8 13. a4 Nf6 14. Bd3 O-O
15. O-O Qd7 16. e4 dxe4 17. Bxe4 Nxe4 18. Qxe4 f5 19. Qe3 f4 20. gxf4 Bd6 21.
Rfe1 Rbe8 22. Qg3 Bxf4 23. Qxg6 Rf6 24. Qe4 Qf7 25. f3 Rh6 26. Re2 Qc7 27. Qc2
Kf7 28. Rf1 Reh8 29. Rff2 Bxh2+ 30. Kf1 Bg3 31. Rg2 Qf4 32. Qe4 Rh1+ 33. Rg1
Rxg1+ 34. Kxg1 Qh6 35. f4 Bh2+ 36. Kf1 Qh3+ 37. Rg2 Bg3 38. Ke2 Qh1 39. Qf3 Rh2
40. Bb4 Qxg2+ 41. Qxg2 Rxg2+ 42. Kf3 Rxb2 43. Kxg3 Rxb4 0-1

[Event "DEM U14w 2014"]
[Site "Magdeburg GER"]
[Date "2014.06.12"]
[Round "7"]
[White "Sauer, Annika"]
[Black "Köhler, Inken"]
[Result "0-1"]
[Termination "normal"]
[Board "7"]
[WhiteElo "1602"]
[BlackElo "1729"]
[PlyCount "86"]
[WhiteFideId "12952052"]
[BlackFideId "12929301"]
[EventCountry "GER"]
[EventRounds "9"]
[EventType "swiss"]
[EventDate "2014.06.07"]

1. d4 d5 2. Nf3 c6 3. e3 Bf5 4. Bd3 Bxd3 5. Qxd3 Nf6 6. Nbd2 e6 7. b3 Bd6 8.
Bb2 O-O 9. O-O Qc7 10. Ne5 Nfd7 11. f4 f6 12. Nef3 c5 13. c4 Nb6 14. Rac1 N8d7
15. Rfe1 Rfe8 16. cxd5 Nxd5 17. dxc5 Nxc5 18. Qc4 Qa5 19. a3 Nd7 20. b4 Qa4 21.
Qb3 Qxb3 22. Nxb3 Rac8 23. Rxc8 Rxc8 24. Nfd4 Kf7 25. Rc1 Rxc1+ 26. Bxc1 e5 27.
fxe5 Nxe5 28. Nb5 Bb8 29. e4 Nb6 30. Nc5 a6 31. Nc3 Nbc4 32. a4 Ba7 33. Kf1
Bxc5 34. bxc5 Nd3 35. Ne2 Nxc5 36. Nc3 Nd3 37. Ne2 Nxc1 38. Nxc1 Ke6 39. Ke2
Ke5 40. Nd3+ Kd4 41. g3 b6 42. Nb4 a5 43. Nc6+ Kxe4 0-1

[Event "DEM U14w 2014"]
[Site "Magdeburg GER"]
[Date "2014.06.12"]
[Round "7"]
[White "Moses, Selina"]
[Black "Riegel, Arinna"]
[Result "1-0"]
[Termination "normal"]
[Board "8"]
[WhiteElo "1786"]
[BlackElo "1613"]
[PlyCount "55"]
[WhiteFideId "12908070"]
[BlackFideId "12931446"]
[EventCountry "GER"]
[EventRounds "9"]
[EventType "swiss"]
[EventDate "2014.06.07"]

1. e4 c5 2. Nf3 e6 3. d4 cxd4 4. Nxd4 a6 5. Nc3 Qc7 6. g3 Nf6 7. Bg2 Be7 8. O-O
d6 9. Re1 O-O 10. Qe2 Nbd7 11. Nb3 Rb8 12. f4 e5 13. f5 b5 14. a3 Bb7 15. g4
Nc5 16. g5 Nxb3 17. cxb3 Nd7 18. Qg4 Kh8 19. Re3 f6 20. g6 h6 21. Rh3 Qc5+ 22.
Be3 Qc7 23. Bxh6 Kg8 24. Be3 Rfc8 25. Rh8+ Kxh8 26. Qh5+ Kg8 27. Qh7+ Kf8 28.
Qh8# 1-0